000
00297nam a22001097a 4500
082
_a
621.31924 NOW'E
100
_a
NOWAK, J. F
_9
59202
245
_a
ELECTRICAL WORK A HANDBOOK OF TOOLS MATERIALS METHODS AND DIRECTORIES
260
_a
NEWYORK
_b
D. VAN NOSTRAND
_c
1949
300
_a
147P
942
_c
BK
999
_c
569237
_d
569237